000
00321nam a2200133Ia 4500
999
_c
2604
_d
2604
008
200103s9999||||xx |||||||||||||| ||und||
020
_a
9780117729230,
082
_a
528
_b
HMS
100
_a
HMSO
245
4
_a
The nautical almanac for the year 2001
260
_b
HMSO
_c
2001
_a
London
300
_a
xxxv, 318P.
942
_c
BK